000
00342nam a2200145Ia 4500
100
_a
Mood A.M;Graybill F.A&Boes D.C
942
_c
RB
654
_a
Statistics
245
_a
Introducution to the theory of statistics
260
_b
McGraw Hill
_a
Auckland
_c
1974
082
_a
519
_b
MOO/GRA
300
_a
564
546
_a
ENGLISH
999
_c
22423
_d
22423